000 00403nam a2200169Ia 4500
008 230524s9999 xx 000 0 und d
020 _a9971513056
082 _a621.382
_bHAY
100 _aSimon Haykin
245 0 _aCommunication Systems
250 _a4TH
260 _aNEW DELHI
_bJohn Wiley
_c2004
300 _aXVIII;816
500 _aQuantity Number: 52
650 _aElectronics
942 _cBK
999 _c5116
_d5116